00201nam a2200097Ia 4500100001500000654000800015245002400023260003100047082001300078546001200091 aGradeck/J  akit aVirtual reality kit bJohn wileyaNew Yorkc1994 a6.3bGRA aENGLISH